Bands that are quartets - Sudden Death - Statistics

General Stats
  • This quiz has been taken 93 times
  • The average score is 4 of 18
Answers on the Grid
Answers color-coded by a green-red scale on the quiz's grid according to % correct below.
Led Zeppelin
Simple Minds
Pearl Jam
The Beatles
Nazareth
The Rolling Stones
Lynyrd Skynyrd
Metallica
Chicago
U2
Soul Assylum
Nickelback
Deep Purple
Iron Maiden
Scorpions
Oasis
AC/DC
R.E.M.
Red Hot Chili Peppers
Arctic Monkeys
Talking Heads
Judas Priest
Joy Division
Pink Floyd
Santana
The Kinks
Yes
Black Sabbath
The Smiths
The Cult
 
Answer Stats
Answer % Correct
The Beatles
81%
Led Zeppelin
65%
U2
40%
Black Sabbath
29%
Metallica
29%
Pink Floyd
27%
Red Hot Chili Peppers
21%
Arctic Monkeys
17%
The Kinks
15%
R.E.M.
12%
Nickelback
10%
Oasis
10%
The Smiths
8%
Soul Assylum
6%
Talking Heads
6%
Joy Division
4%
Nazareth
4%
The Cult
4%
No matching quizzes found
Score Distribution
Percent of People with Each Score
Percentile by Number Answered
Your Score History
You have not taken this quiz